000 00270nam a22001217a 4500
008 181121b xxu||||| |||| 00| 0 eng d
041 _aeng
080 _a370
100 _a48
101 _aEDU
245 _aEveryons Author With Readinngs
_cAndrea.L
942 _2udc
_cBK
999 _c52272
_d52272